00232nam a22000977a 4500020001500000082001500015100001900030245002600049260003500075650002400110 a2825409537 a248.32 CAS aCastro, Emilio aWhen We Pray Togather aGenevabWCC Publicationsc1989 aPrayer Christianity